Psicología de los grupos : estructura y procesos /

A lo largo de las páginas de este libro se da cuenta de algunas de las respuestas que los psicólogos sociales preocupados por la temática grupal han intentado proporcionar en la construcción de la psicología de los grupos.

Bibliographic Details
Main Author: Canto Ortiz, Jesús M.
Format: Libro
Language:Spanish
Published: Málaga Aljibe 1998
Series:Persona, escuela y sociedad
Subjects:
Online Access:

MARC

LEADER 00000cam a2200000 a 4500
001 003975
003 UAHC_CL
005 20170803120007.0
008 170620s1998 sp 000 spa
020 |a 8487767834 
040 |a UAHC_CL  |c UAHC_CL  |d UAHC_CL 
082 0 4 |a 301.1  |b C232  |2 20 
100 1 |a Canto Ortiz, Jesús M. 
245 1 0 |a Psicología de los grupos :  |b estructura y procesos /  |c Jesús M. Canto Ortiz. 
260 |a Málaga  |b Aljibe  |c 1998 
300 |a 266 p. 
490 0 |a Persona, escuela y sociedad 
520 |a A lo largo de las páginas de este libro se da cuenta de algunas de las respuestas que los psicólogos sociales preocupados por la temática grupal han intentado proporcionar en la construcción de la psicología de los grupos. 
650 4 |a GRUPOS SOCIALES 
650 4 |a PSICOLOGIA SOCIAL 
653 |a PSICOLOGIA 
900 |a 302.4 CAN 
942 |c BK 
952 |0 0  |1 0  |4 0  |6 302_400000000000000_CAN  |7 0  |8 General  |9 8855  |a BC  |b BC  |c General  |d 2017-08-03  |l 1  |o 302.4 CAN  |p 1440498  |r 2026-01-07 00:00:00  |s 2019-08-26  |t 1  |w 2017-08-03  |y BK 
999 |c 3975  |d 3975